[Event "Olympiad-36"]
[Site "Mallorca"]
[Date "2004.10.28"]
[Round "13"]
[White "Moser, Eva"]
[Black "Kozul, Zdenko"]
[Result "0-1"]
[WhiteElo "2447"]
[BlackElo "2640"]
[PlyCount "90"]
[EventDate "2004.10.15"]
[EventType "team-swiss"]
[EventRounds "14"]
[EventCountry "ESP"]
[SourceTitle "CBM 104"]
[Source "ChessBase"]
[SourceDate "2005.01.27"]
[SourceVersion "1"]
[SourceVersionDate "2005.01.27"]
[SourceQuality "1"]
[WhiteTeam "Austria"]
[BlackTeam "Croatia"]
[WhiteTeamCountry "AUT"]
[BlackTeamCountry "CRO"]

1. e4 c5 2. Nf3 Nc6 3. Bb5 g6 4. O-O Bg7 5. c3 Nf6 6. Re1 a6 7. Bf1 O-O 8. d4
cxd4 9. cxd4 d5 10. e5 Ne4 11. Nc3 Nxc3 12. bxc3 Bg4 13. h3 Bxf3 14. Qxf3 e6
15. Ba3 Re8 16. Reb1 Qd7 17. Rb6 Bf8 18. Rab1 Na5 19. Bc1 Rec8 20. h4 Rc6 21.
Rxc6 Nxc6 22. h5 Rc8 23. Bd2 Na5 24. Bd3 Nc4 25. Bxc4 Rxc4 26. h6 b5 27. Qd3
Qe7 28. Rb3 Qh4 29. Qe3 Ra4 30. Rb2 Be7 31. Qf4 Qxf4 32. Bxf4 g5 33. Bd2 f6 34.
exf6 Bxf6 35. f4 gxf4 36. Bxf4 Rc4 37. Rb3 Kf7 38. Kf2 Kg6 39. Ke3 b4 40. cxb4
Bxd4+ 41. Kd3 e5 42. Bd2 e4+ 43. Ke2 Rc2 44. Rg3+ Kf7 45. Kd1 Rxa2 0-1

[Event "Olympiad-36"]
[Site "Mallorca"]
[Date "2004.10.27"]
[Round "12"]
[White "Rowson, Jonathan"]
[Black "Moser, Eva"]
[Result "1-0"]
[WhiteElo "2577"]
[BlackElo "2447"]
[PlyCount "101"]
[EventDate "2004.10.15"]
[EventType "team-swiss"]
[EventRounds "14"]
[EventCountry "ESP"]
[SourceTitle "CBM 104"]
[Source "ChessBase"]
[SourceDate "2005.01.27"]
[SourceVersion "1"]
[SourceVersionDate "2005.01.27"]
[SourceQuality "1"]
[WhiteTeam "Scotland"]
[BlackTeam "Austria"]
[WhiteTeamCountry "SCO"]
[BlackTeamCountry "AUT"]

1. d4 Nf6 2. c4 g6 3. Nc3 Bg7 4. e4 O-O 5. f3 c6 6. Nge2 d5 7. e5 Ne8 8. h4
dxc4 9. h5 Nd7 10. hxg6 fxg6 11. Ne4 Nb6 12. Ng5 h6 13. Ne4 g5 14. N2g3 Nc7 15.
Be3 Ncd5 16. Qd2 Nxe3 17. Qxe3 Qd5 18. O-O-O Qf7 19. Qa3 Be6 20. Kb1 Nd7 21.
Be2 Bd5 22. Qa4 b5 23. Qc2 Qg6 24. Nh5 Nb6 25. Rh3 Be6 26. Rh2 Nd5 27. Rdh1 Ne3
28. Qd2 Nf5 29. g4 Nh4 30. Rxh4 gxh4 31. Nf4 Qf7 32. Nxe6 Qxe6 33. f4 Rad8 34.
Qe3 Qd5 35. Rd1 e6 36. Nc5 c3 37. bxc3 Rf7 38. Ka1 Rc8 39. c4 bxc4 40. Bf3 Qd8
41. Nxe6 Qa5 42. Rb1 h3 43. f5 h2 44. Nxg7 Rxg7 45. f6 Rg6 46. Be4 Rxg4 47. Bf5
Qb6 48. Rxb6 axb6 49. Qxh6 Rg1+ 50. Kb2 h1=Q 51. Be6# 1-0

[Event "Olympiad-36"]
[Site "Mallorca"]
[Date "2004.10.26"]
[Round "11"]
[White "Moser, Eva"]
[Black "Ghaem Maghami, Ehsan"]
[Result "0-1"]
[WhiteElo "2447"]
[BlackElo "2558"]
[PlyCount "62"]
[EventDate "2004.10.15"]
[EventType "team-swiss"]
[EventRounds "14"]
[EventCountry "ESP"]
[SourceTitle "CBM 104"]
[Source "ChessBase"]
[SourceDate "2005.01.27"]
[SourceVersion "1"]
[SourceVersionDate "2005.01.27"]
[SourceQuality "1"]
[WhiteTeam "Austria"]
[BlackTeam "Iran"]
[WhiteTeamCountry "AUT"]
[BlackTeamCountry "IRI"]

1. e4 c5 2. g3 g6 3. Bg2 Bg7 4. f4 Nc6 5. d3 d6 6. Nf3 Nf6 7. O-O O-O 8. h3 c4
9. Nc3 cxd3 10. cxd3 Rb8 11. Be3 e5 12. Kh2 exf4 13. Bxf4 h6 14. Qd2 Kh7 15.
Rf2 b5 16. Raf1 b4 17. Ne2 Ba6 18. Kh1 Qd7 19. Be3 Ng8 20. Nf4 Nge7 21. g4 Ne5
22. Ne1 b3 23. Qa5 Qb5 24. Qxb5 Bxb5 25. axb3 Ba6 26. Bd2 Rxb3 27. Bc3 Kg8 28.
Rd2 Rfb8 29. Nc2 N5c6 30. Ra1 Rxc3 31. Rxa6 Rxb2 0-1

[Event "Olympiad-36"]
[Site "Mallorca"]
[Date "2004.10.23"]
[Round "8"]
[White "Moser, Eva"]
[Black "Mieles Palau, Daniel"]
[Result "1-0"]
[WhiteElo "2447"]
[BlackElo "2486"]
[PlyCount "75"]
[EventDate "2004.10.15"]
[EventType "team-swiss"]
[EventRounds "14"]
[EventCountry "ESP"]
[SourceTitle "CBM 104"]
[Source "ChessBase"]
[SourceDate "2005.01.27"]
[SourceVersion "1"]
[SourceVersionDate "2005.01.27"]
[SourceQuality "1"]
[WhiteTeam "Austria"]
[BlackTeam "Ecuador"]
[WhiteTeamCountry "AUT"]
[BlackTeamCountry "ECU"]

1. e4 c5 2. d3 Nc6 3. g3 d5 4. Nd2 g6 5. Bg2 e6 6. f4 Bg7 7. Nh3 Nge7 8. O-O
O-O 9. Nf3 b5 10. Nf2 dxe4 11. dxe4 e5 12. c3 b4 13. Qc2 Qa5 14. fxe5 bxc3 15.
Bg5 cxb2 16. Qxb2 Be6 17. Bf6 c4 18. Qc1 Rfe8 19. Qf4 Qc5 20. Kh1 Nb4 21. Ng5
Nec6 22. Bxg7 Kxg7 23. Qf6+ Kg8 24. Ng4 Qf8 25. Nxe6 fxe6 26. Qh4 Qg7 27. Nf6+
Kh8 28. Nxe8 Rxe8 29. Rab1 Nd3 30. Qf6 Ncxe5 31. Qxg7+ Kxg7 32. Rb7+ Kg8 33.
Rxa7 Rc8 34. Bh3 Rc6 35. Re1 Nf7 36. Bf1 Nf2+ 37. Kg1 Nxe4 38. Bg2 1-0

[Event "Olympiad-36"]
[Site "Mallorca"]
[Date "2004.10.20"]
[Round "6"]
[White "Moser, Eva"]
[Black "Silveirinha, Jose Antonio C"]
[Result "1-0"]
[WhiteElo "2447"]
[BlackElo "2146"]
[PlyCount "77"]
[EventDate "2004.10.15"]
[EventType "team-swiss"]
[EventRounds "14"]
[EventCountry "ESP"]
[SourceTitle "CBM 104"]
[Source "ChessBase"]
[SourceDate "2005.01.27"]
[SourceVersion "1"]
[SourceVersionDate "2005.01.27"]
[SourceQuality "1"]
[WhiteTeam "Austria"]
[BlackTeam "Macau"]
[WhiteTeamCountry "AUT"]
[BlackTeamCountry "MAC"]

1. e4 c6 2. d4 d5 3. e5 Bf5 4. c4 e6 5. Nc3 Bb4 6. Qb3 Bxc3+ 7. bxc3 Qb6 8. Ba3
Qxb3 9. axb3 Bc2 10. cxd5 exd5 11. Kd2 Bf5 12. Ne2 Nd7 13. Ng3 Be6 14. f4 g6
15. Bd3 Nh6 16. h3 f5 17. Nf1 Kf7 18. Ne3 b5 19. Bb4 a6 20. Rhg1 Ra7 21. g4
Rha8 22. Ra5 Rc8 23. Bd6 Rca8 24. Rg2 Rc8 25. Ra1 a5 26. Rag1 fxg4 27. hxg4 Kg7
28. f5 Bg8 29. e6 Nf6 30. Rh2 Nxf5 31. gxf5 Bxe6 32. fxe6 a4 33. Rxh7+ Kxh7 34.
Bxg6+ Kg7 35. Bf7+ Kh7 36. Rh1+ Kg7 37. Be5 Kf8 38. Rh8+ Ke7 39. Nf5# 1-0

[Event "Olympiad-36"]
[Site "Mallorca"]
[Date "2004.10.17"]
[Round "3"]
[White "Moser, Eva"]
[Black "Macieja, Bartlomiej"]
[Result "0-1"]
[WhiteElo "2447"]
[BlackElo "2613"]
[PlyCount "76"]
[EventDate "2004.10.15"]
[EventType "team-swiss"]
[EventRounds "14"]
[EventCountry "ESP"]
[SourceTitle "CBM 104"]
[Source "ChessBase"]
[SourceDate "2005.01.27"]
[SourceVersion "1"]
[SourceVersionDate "2005.01.27"]
[SourceQuality "1"]
[WhiteTeam "Austria"]
[BlackTeam "Poland"]
[WhiteTeamCountry "AUT"]
[BlackTeamCountry "POL"]

1. e4 c5 2. Nf3 Nc6 3. c3 Nf6 4. e5 Nd5 5. d4 cxd4 6. cxd4 d6 7. Bc4 Nb6 8. Bb5
dxe5 9. Nxe5 Bd7 10. Bxc6 Bxc6 11. Nxc6 bxc6 12. O-O g6 13. Qc2 Rc8 14. Be3 Bg7
15. Qc5 Nd5 16. Qxa7 c5 17. Nc3 Nxe3 18. Qa4+ Qd7 19. Qxd7+ Kxd7 20. fxe3 cxd4
21. Rad1 f5 22. exd4 Rc4 23. Kh1 Rb8 24. Rf2 Rxd4 25. Rxd4+ Bxd4 26. Rd2 e5 27.
g3 Ke6 28. Kg2 Bxc3 29. bxc3 Rc8 30. a4 Rxc3 31. Ra2 Rc6 32. a5 Ra6 33. Kf3 Kd5
34. g4 Kc4 35. g5 Ra7 36. h4 Kb5 37. h5 Rxa5 38. hxg6 hxg6 0-1

[Event "Olympiad-36"]
[Site "Mallorca"]
[Date "2004.10.16"]
[Round "2"]
[White "Johannessen, Leif Erlend"]
[Black "Moser, Eva"]
[Result "1-0"]
[WhiteElo "2519"]
[BlackElo "2447"]
[PlyCount "67"]
[EventDate "2004.10.15"]
[EventType "team-swiss"]
[EventRounds "14"]
[EventCountry "ESP"]
[SourceTitle "CBM 104"]
[Source "ChessBase"]
[SourceDate "2005.01.27"]
[SourceVersion "1"]
[SourceVersionDate "2005.01.27"]
[SourceQuality "1"]
[WhiteTeam "Norway"]
[BlackTeam "Austria"]
[WhiteTeamCountry "NOR"]
[BlackTeamCountry "AUT"]

1. e4 c5 2. Nf3 Nc6 3. d4 cxd4 4. Nxd4 Nf6 5. Nc3 e5 6. Ndb5 d6 7. Bg5 a6 8.
Na3 b5 9. Bxf6 gxf6 10. Nd5 f5 11. g3 fxe4 12. Bg2 Be6 13. Bxe4 Bg7 14. Qh5 Rc8
15. c3 Ne7 16. Rd1 Nxd5 17. Bxd5 Qd7 18. O-O O-O 19. Rd2 Rc5 20. Qd1 Bxd5 21.
Rxd5 Qe6 22. Rxd6 Qxa2 23. Qd2 a5 24. Rb6 Qb3 25. Qe2 b4 26. cxb4 axb4 27. Qd2
e4 28. Rxb4 Rd5 29. Qe1 Qd3 30. Qxe4 Qxe4 31. Rxe4 Bxb2 32. Nc4 Rd4 33. Rfe1
Rxe4 34. Rxe4 1-0

[Event "Feffernitz Raika op 13th"]
[Site "Feffernitz"]
[Date "2004.08.21"]
[Round "8"]
[White "Praznik, Anton"]
[Black "Moser, Eva"]
[Result "0-1"]
[WhiteElo "2274"]
[BlackElo "2406"]
[PlyCount "126"]
[EventDate "2004.08.14"]
[EventType "swiss"]
[EventRounds "9"]
[EventCountry "AUT"]
[SourceTitle "EXT 2005"]
[Source "ChessBase"]
[SourceDate "2004.11.15"]
[SourceVersion "1"]
[SourceVersionDate "2004.11.15"]
[SourceQuality "1"]

1. e4 d6 2. d4 Nf6 3. Nc3 Nbd7 4. Nf3 e5 5. g3 Be7 6. Bg2 O-O 7. O-O c6 8. a4
Re8 9. h3 Qc7 10. Re1 Bf8 11. g4 g6 12. Bg5 Bg7 13. Qd2 Nf8 14. d5 Bd7 15. Rad1
c5 16. Qe3 Rec8 17. Nd2 Ne8 18. Nc4 f6 19. Bh4 f5 20. gxf5 gxf5 21. exf5 Bxf5
22. Ne4 Ng6 23. Bg5 Qd7 24. Kh2 Rc7 25. Rg1 Kh8 26. Bf1 Bxe4 27. Qxe4 Nf6 28.
Bxf6 Bxf6 29. Bd3 Nf4 30. Rg3 Rf8 31. f3 Qf7 32. Nxd6 Qxd5 33. Qxd5 Nxd5 34.
Be4 Be7 35. Nf5 Nf4 36. Rdg1 Ne2 37. R1g2 Nxg3 38. Nxg3 Bg5 39. Nh5 Bf4+ 40.
Nxf4 exf4 41. h4 Rg8 42. Re2 Rd7 43. Rg2 Rxg2+ 44. Kxg2 h5 45. b3 b6 46. Bd3
Kg7 47. Kf2 Rxd3 48. cxd3 Kf6 49. d4 cxd4 50. Ke2 Ke5 51. Kd2 Kd6 52. Kd3 Kd5
53. Kd2 Kc5 54. Kd3 a5 55. Ke4 Kb4 56. Kxd4 Kxb3 57. Ke4 Kxa4 58. Kxf4 Kb3 59.
Kg5 a4 60. f4 a3 61. f5 a2 62. Kxh5 a1=Q 63. Kg6 Qh8 0-1

[Event "Feffernitz Raika op 13th"]
[Site "Feffernitz"]
[Date "2004.08.20"]
[Round "7"]
[White "Moser, Eva"]
[Black "Jeric, Simon"]
[Result "0-1"]
[WhiteElo "2406"]
[BlackElo "2323"]
[PlyCount "134"]
[EventDate "2004.08.14"]
[EventType "swiss"]
[EventRounds "9"]
[EventCountry "AUT"]
[SourceTitle "EXT 2005"]
[Source "ChessBase"]
[SourceDate "2004.11.15"]
[SourceVersion "1"]
[SourceVersionDate "2004.11.15"]
[SourceQuality "1"]

1. e4 e5 2. Bc4 Nf6 3. d3 c6 4. Nf3 d5 5. Bb3 a5 6. c3 Nbd7 7. O-O Bd6 8. Bg5
h6 9. Bh4 dxe4 10. dxe4 Nc5 11. Bc2 O-O 12. Nbd2 b5 13. Re1 Ne6 14. Nf1 Nf4 15.
Ne3 g5 16. Bg3 Qc7 17. Bxf4 exf4 18. Nc4 bxc4 19. e5 Bxe5 20. Nxe5 Be6 21. Qe2
Rfe8 22. Nxc4 Bd5 23. Qd3 Kg7 24. Nd2 Rad8 25. Rxe8 Rxe8 26. c4 Be6 27. Qc3 Bc8
28. Ne4 Qe5 29. Nxf6 Kxf6 30. Qxe5+ Rxe5 31. Kf1 f3 32. Bd3 fxg2+ 33. Kxg2 c5
34. Kg3 Ke7 35. h4 f5 36. hxg5 hxg5 37. Rd1 f4+ 38. Kf3 Bb7+ 39. Kg4 Kf6 40.
Bf1 Bc8+ 41. Kf3 a4 42. Rd6+ Ke7 43. Rd1 Bf5 44. Bd3 Kf6 45. Bf1 Re4 46. Rd6+
Ke7 47. Rd5 g4+ 48. Kg2 Ke6 49. Rxc5 Rd4 50. Rc6+ Ke5 51. Rc5+ Kf6 52. Rc6+ Kg5
53. Kg1 Be4 54. Rc5+ Kf6 55. Rc8 f3 56. Rf8+ Kg5 57. Rg8+ Kf4 58. Rf8+ Bf5 59.
c5 Rd1 60. c6 Rc1 61. c7 Ke5 62. Kh2 Rxc7 63. Kg3 Rc1 64. Re8+ Be6 65. Bb5 Rg1+
66. Kh4 Kf4 67. Kh5 Bf7+ 0-1

[Event "Feffernitz Raika op 13th"]
[Site "Feffernitz"]
[Date "2004.08.19"]
[Round "6"]
[White "Marjanovic, Slavko"]
[Black "Moser, Eva"]
[Result "0-1"]
[WhiteElo "2024"]
[BlackElo "2406"]
[PlyCount "84"]
[EventDate "2004.08.14"]
[EventType "swiss"]
[EventRounds "9"]
[EventCountry "AUT"]
[SourceTitle "EXT 2005"]
[Source "ChessBase"]
[SourceDate "2004.11.15"]
[SourceVersion "1"]
[SourceVersionDate "2004.11.15"]
[SourceQuality "1"]

1. d4 Nf6 2. c4 g6 3. Nc3 Bg7 4. e4 O-O 5. f3 c6 6. Be3 d5 7. Qd2 dxe4 8. Nxe4
Nxe4 9. fxe4 e5 10. O-O-O exd4 11. Bxd4 Bxd4 12. Qxd4 Qxd4 13. Rxd4 Re8 14. Nf3
c5 15. Rd5 Na6 16. Re5 Be6 17. Ng5 Kg7 18. Nxe6+ Rxe6 19. Rxe6 fxe6 20. Be2 Rd8
21. Rf1 Nb4 22. Bg4 Rd6 23. Kb1 Nc6 24. Kc2 Ne5 25. Rd1 Ra6 26. Be2 Rxa2 27.
Rd8 h5 28. Rc8 b6 29. Kb1 Ra4 30. b3 Rb4 31. Kc2 a5 32. Rb8 Kf6 33. Kc3 Nc6 34.
Rb7 Nd4 35. Bd1 Ke5 36. Rg7 Kf6 37. Rb7 b5 38. Rc7 bxc4 39. Rxc5 cxb3 40. e5+
Kg5 41. Kb2 a4 42. Rc1 Nb5 0-1

[Event "Feffernitz Raika op 13th"]
[Site "Feffernitz"]
[Date "2004.08.18"]
[Round "5"]
[White "Moser, Eva"]
[Black "Frank, Paul"]
[Result "1/2-1/2"]
[WhiteElo "2406"]
[BlackElo "2144"]
[PlyCount "90"]
[EventDate "2004.08.14"]
[EventType "swiss"]
[EventRounds "9"]
[EventCountry "AUT"]
[SourceTitle "EXT 2005"]
[Source "ChessBase"]
[SourceDate "2004.11.15"]
[SourceVersion "1"]
[SourceVersionDate "2004.11.15"]
[SourceQuality "1"]

1. e4 c5 2. d3 Nc6 3. g3 g6 4. Bg2 Bg7 5. f4 d6 6. Nf3 e6 7. O-O Nge7 8. c3 O-O
9. Be3 b6 10. Na3 Ba6 11. Re1 b5 12. Nc2 Rb8 13. d4 cxd4 14. cxd4 d5 15. e5 b4
16. b3 Rb6 17. Bf2 Qd7 18. g4 f5 19. exf6 Bxf6 20. Qd2 Bg7 21. Ng5 Rf6 22. Bg3
Bc8 23. Re2 h6 24. Nf3 a5 25. Rae1 Qe8 26. Ne3 Rf8 27. h3 Na7 28. Nd1 Nb5 29.
Ne5 Nc6 30. Bf2 Nxe5 31. fxe5 Rc6 32. Be3 Nc3 33. Nxc3 bxc3 34. Qc1 Ba6 35. Rc2
Qc8 36. Bxh6 Bd3 37. Bxg7 Kxg7 38. Rf2 Rxf2 39. Kxf2 Qf8+ 40. Kg3 Qb4 41. Qf4
c2 42. Rc1 Qc3 43. Kh2 Rc7 44. Qf6+ Kh7 45. Qh4+ Kg7 1/2-1/2

[Event "Feffernitz Raika op 13th"]
[Site "Feffernitz"]
[Date "2004.08.17"]
[Round "4"]
[White "Haselhorst, Helmut"]
[Black "Moser, Eva"]
[Result "0-1"]
[WhiteElo "2121"]
[BlackElo "2406"]
[PlyCount "100"]
[EventDate "2004.08.14"]
[EventType "swiss"]
[EventRounds "9"]
[EventCountry "AUT"]
[SourceTitle "EXT 2005"]
[Source "ChessBase"]
[SourceDate "2004.11.15"]
[SourceVersion "1"]
[SourceVersionDate "2004.11.15"]
[SourceQuality "1"]

1. d4 f5 2. g3 Nf6 3. Bg2 g6 4. Nf3 Bg7 5. O-O O-O 6. c4 d6 7. Nc3 Nc6 8. d5
Ne5 9. Nxe5 dxe5 10. Qb3 Kh8 11. Rd1 h6 12. Bd2 a6 13. c5 Qe8 14. Be1 Qf7 15.
d6 Qxb3 16. axb3 exd6 17. cxd6 cxd6 18. Rxd6 e4 19. Na4 b5 20. Nb6 Rb8 21. Nxc8
Rbxc8 22. Bc3 b4 23. Bxb4 Rfd8 24. Rxd8+ Rxd8 25. Rxa6 Rd1+ 26. Bf1 e3 27. fxe3
Ne4 28. Rxg6 Kh7 29. Rc6 Bxb2 30. Kg2 Bg7 31. Ba5 Ra1 32. Bb4 Rb1 33. Rc4 h5
34. h3 Be5 35. g4 Ng3 36. gxf5 Nxf1 37. Kf3 Rxb3 38. Ke4 Rxe3+ 39. Kd5 Bg7 40.
Rc7 Re5+ 41. Kd6 Rxf5 42. Bc3 Rg5 43. Bxg7 Rxg7 44. e4 Rxc7 45. Kxc7 Ng3 46. e5
Nf5 47. Kd7 Kg6 48. Ke6 Ng7+ 49. Ke7 Kf5 50. Kf7 Ne6 0-1

[Event "Feffernitz Raika op 13th"]
[Site "Feffernitz"]
[Date "2004.08.16"]
[Round "3"]
[White "Moser, Eva"]
[Black "Rieke, Theo"]
[Result "0-1"]
[WhiteElo "2406"]
[BlackElo "2233"]
[PlyCount "61"]
[EventDate "2004.08.14"]
[EventType "swiss"]
[EventRounds "9"]
[EventCountry "AUT"]
[SourceTitle "EXT 2005"]
[Source "ChessBase"]
[SourceDate "2004.11.15"]
[SourceVersion "1"]
[SourceVersionDate "2004.11.15"]
[SourceQuality "1"]

1. d4 Nf6 2. g3 g6 3. Bg2 d5 4. c4 c6 5. Qa4 dxc4 6. Qxc4 Bg7 7. Nf3 O-O 8. O-O
Be6 9. Qa4 Nbd7 10. Nc3 b5 11. Qc2 b4 12. Nb1 Bd5 13. Nbd2 c5 14. dxc5 Rc8 15.
Nb3 a5 16. Be3 Ng4 17. Rac1 Nxe3 18. fxe3 e6 19. e4 Bxb3 20. Qxb3 Qe7 21. Rfe1
Rxc5 22. Rcd1 Rfc8 23. a3 Rc4 24. Qd3 Qc5+ 25. Kh1 Nf6 26. Nd2 Rc2 27. axb4
axb4 28. Nb3 Qb6 29. Qf3 Rxb2 30. e5 Rxb3 31. Qxb3 0-1

[Event "Feffernitz Raika op 13th"]
[Site "Feffernitz"]
[Date "2004.08.15"]
[Round "2"]
[White "Mayer, Martin"]
[Black "Moser, Eva"]
[Result "0-1"]
[WhiteElo "2078"]
[BlackElo "2406"]
[PlyCount "88"]
[EventDate "2004.08.14"]
[EventType "swiss"]
[EventRounds "9"]
[EventCountry "AUT"]
[SourceTitle "EXT 2005"]
[Source "ChessBase"]
[SourceDate "2004.11.15"]
[SourceVersion "1"]
[SourceVersionDate "2004.11.15"]
[SourceQuality "1"]

1. d4 f5 2. Nf3 Nf6 3. c4 g6 4. Nc3 Bg7 5. g3 O-O 6. Bg2 d6 7. O-O Nc6 8. Re1
e5 9. dxe5 dxe5 10. Bg5 e4 11. Nd2 Be6 12. Qa4 h6 13. Bxf6 Bxf6 14. Rad1 Bxc3
15. bxc3 Qf6 16. Qc2 Qe7 17. Rb1 Rab8 18. Red1 a6 19. Qa4 Qc5 20. e3 Rfd8 21.
Bf1 Qe5 22. Qc2 Na5 23. Be2 Rd6 24. Nb3 Nxc4 25. Rxd6 Qxd6 26. Rd1 Qe7 27. Rd4
Ne5 28. Qd1 b5 29. Na5 Bf7 30. Nb3 Kf8 31. Kg2 Ke8 32. Qb1 Rd8 33. Na5 c5 34.
Bxb5+ axb5 35. Qxb5+ Kf8 36. Rxd8+ Qxd8 37. Qxc5+ Qe7 38. Qc8+ Kg7 39. a4 Qe6
40. Qc5 Nd3 41. Qd4+ Qe5 42. Qxe5+ Nxe5 43. Nb7 Bd5 44. Nd6 Nc4 0-1

[Event "Feffernitz Raika op 13th"]
[Site "Feffernitz"]
[Date "2004.08.15"]
[Round "1"]
[White "Moser, Eva"]
[Black "Hrenic, Misa"]
[Result "1-0"]
[WhiteElo "2406"]
[BlackElo "1902"]
[PlyCount "29"]
[EventDate "2004.08.14"]
[EventType "swiss"]
[EventRounds "9"]
[EventCountry "AUT"]
[SourceTitle "EXT 2005"]
[Source "ChessBase"]
[SourceDate "2004.11.15"]
[SourceVersion "1"]
[SourceVersionDate "2004.11.15"]
[SourceQuality "1"]

1. e4 e5 2. Nf3 Nc6 3. d3 Nf6 4. Be2 Bc5 5. O-O d6 6. c3 Qe7 7. b4 Bb6 8. Nbd2
a6 9. Qc2 O-O 10. a4 h6 11. Ba3 Nh5 12. Nc4 Nf4 13. b5 axb5 14. axb5 Na7 15.
Bxd6 1-0

[Event "AUT-ch"]
[Site "Hartberg"]
[Date "2004.07.31"]
[Round "8"]
[White "Schroll, Gerhard"]
[Black "Moser, Eva"]
[Result "0-1"]
[WhiteElo "2367"]
[BlackElo "2406"]
[PlyCount "102"]
[EventDate "2004.07.24"]
[EventType "swiss"]
[EventRounds "9"]
[EventCountry "AUT"]
[SourceTitle "CBM 101 Extra"]
[Source "ChessBase"]
[SourceDate "2004.09.01"]
[SourceVersion "2"]
[SourceVersionDate "2004.09.01"]
[SourceQuality "1"]

1. d4 f5 2. Nc3 d5 3. Bg5 c6 4. e3 Qb6 5. Na4 Qa5+ 6. c3 Nd7 7. b4 Qc7 8. Nf3
e5 9. Nxe5 Nxe5 10. dxe5 Qxe5 11. Bf4 Qe7 12. Qd4 Nf6 13. Be2 g6 14. Qe5 Bg7
15. Qxe7+ Kxe7 16. Be5 Re8 17. Nc5 Kf7 18. Bd4 Bf8 19. a3 b6 20. Nb3 Be6 21.
Ba6 Bc8 22. Be2 Be6 23. Ba6 Rad8 24. Bb7 Bd7 25. Bxf6 Kxf6 26. Nd4 c5 27. Nc6
Bxc6 28. Bxc6 Re6 29. b5 d4 30. O-O-O Red6 31. exd4 cxd4 32. cxd4 Rxd4 33. Rxd4
Rxd4 34. Kc2 a5 35. Ra1 Rf4 36. f3 Rc4+ 37. Kb3 Rd4 38. Kc3 Bc5 39. Re1 Ra4 40.
Ra1 Rxa3+ 41. Rxa3 Bxa3 42. g4 Kg5 43. Bd7 fxg4 44. Bxg4 Bd6 45. h3 Kf4 46. Kb3
Kg3 47. Ka4 Bf8 48. Kb3 Be7 49. Ka4 h5 50. Be6 g5 51. Bf7 g4 0-1

[Event "AUT-ch"]
[Site "Hartberg"]
[Date "2004.07.30"]
[Round "7"]
[White "Moser, Eva"]
[Black "Srienz, Christian"]
[Result "1-0"]
[WhiteElo "2406"]
[BlackElo "2256"]
[PlyCount "43"]
[EventDate "2004.07.24"]
[EventType "swiss"]
[EventRounds "9"]
[EventCountry "AUT"]
[SourceTitle "CBM 101 Extra"]
[Source "ChessBase"]
[SourceDate "2004.09.01"]
[SourceVersion "2"]
[SourceVersionDate "2004.09.01"]
[SourceQuality "1"]

1. e4 c5 2. d3 e6 3. g3 d5 4. Nd2 dxe4 5. dxe4 Nc6 6. Ngf3 Be7 7. Bg2 Nf6 8.
O-O O-O 9. e5 Nd7 10. Re1 Qc7 11. Qe2 Rd8 12. c3 a5 13. Nc4 h6 14. a4 Qb8 15.
Qe4 Ra7 16. Qg4 Kf8 17. Qh5 Kg8 18. Bxh6 gxh6 19. Qxh6 Nf8 20. Ng5 Bxg5 21.
Qxg5+ Ng6 22. Bxc6 1-0

[Event "AUT-ch"]
[Site "Hartberg"]
[Date "2004.07.29"]
[Round "6"]
[White "Genser, Harald"]
[Black "Moser, Eva"]
[Result "0-1"]
[WhiteElo "2285"]
[BlackElo "2406"]
[PlyCount "68"]
[EventDate "2004.07.24"]
[EventType "swiss"]
[EventRounds "9"]
[EventCountry "AUT"]
[SourceTitle "CBM 101 Extra"]
[Source "ChessBase"]
[SourceDate "2004.09.01"]
[SourceVersion "2"]
[SourceVersionDate "2004.09.01"]
[SourceQuality "1"]

1. d4 f5 2. g3 Nf6 3. Bg2 g6 4. c4 Bg7 5. Nc3 O-O 6. Nh3 e6 7. O-O d6 8. Nf4 c6
9. Nd3 Nbd7 10. Rb1 e5 11. e3 Re8 12. b3 e4 13. Nf4 Nf8 14. b4 g5 15. Nfe2 d5
16. b5 Ng6 17. bxc6 bxc6 18. Qa4 Bd7 19. Qa6 Kh8 20. Bd2 Bh6 21. cxd5 cxd5 22.
Nb5 f4 23. exf4 gxf4 24. Rfc1 Re6 25. Qa3 Bf8 26. Qc3 Rc6 27. Qb3 f3 28. Bxf3
Rxc1+ 29. Bxc1 exf3 30. Qxf3 Bg4 31. Qe3 Qd7 32. Nbc3 Re8 33. Qg5 Bg7 34. Be3
Bf5 0-1

[Event "AUT-ch"]
[Site "Hartberg"]
[Date "2004.07.27"]
[Round "4"]
[White "Danner, Georg"]
[Black "Moser, Eva"]
[Result "1-0"]
[WhiteElo "2432"]
[BlackElo "2406"]
[PlyCount "127"]
[EventDate "2004.07.24"]
[EventType "swiss"]
[EventRounds "9"]
[EventCountry "AUT"]
[SourceTitle "CBM 101 Extra"]
[Source "ChessBase"]
[SourceDate "2004.09.01"]
[SourceVersion "2"]
[SourceVersionDate "2004.09.01"]
[SourceQuality "1"]

1. d4 Nf6 2. Nf3 g6 3. c4 Bg7 4. Nc3 O-O 5. e4 c6 6. Bd3 d6 7. O-O Bg4 8. Be3
Nfd7 9. Be2 c5 10. d5 Bxf3 11. Bxf3 Na6 12. Qd2 Nc7 13. Be2 Re8 14. Bh6 Bd4 15.
Kh1 a6 16. a4 Rb8 17. a5 b6 18. axb6 Rxb6 19. Bd1 Ne5 20. b3 Nd7 21. Ra3 Nf8
22. Qd3 e6 23. Bd2 Rb7 24. Bc2 Bg7 25. f4 exd5 26. Nxd5 Nfe6 27. Ba5 Nxd5 28.
Bxd8 Nb4 29. Qd2 Rxd8 30. Bd1 Nd4 31. f5 Be5 32. g3 Kg7 33. Kg2 Re7 34. h4 f6
35. fxg6 hxg6 36. Ra4 Rde8 37. Kh3 Rh8 38. Rxb4 cxb4 39. Qxb4 f5 40. exf5 Nxf5
41. Rf3 Bf6 42. Bc2 Bxh4 43. Bxf5 Bf6+ 44. Kg4 gxf5+ 45. Rxf5 Re4+ 46. Rf4 Re6
47. Qb7+ Re7 48. Qxa6 Be5 49. Rf5 Rb8 50. Qa2 Bf6 51. Qc2 Rg8 52. Qd3 Re6 53.
Kf3 Kf7 54. b4 Ke7 55. Ra5 Kf7 56. Qh7+ Rg7 57. Qh5+ Rg6 58. Ra7+ Be7 59. b5
Re5 60. Qh7+ Rg7 61. Qd3 Ke6 62. Kg2 Rg4 63. c5 Rge4 64. Rxe7+ 1-0

[Event "AUT-ch"]
[Site "Hartberg"]
[Date "2004.07.26"]
[Round "3"]
[White "Moser, Eva"]
[Black "Stanec, Nikolaus"]
[Result "1/2-1/2"]
[WhiteElo "2406"]
[BlackElo "2562"]
[PlyCount "50"]
[EventDate "2004.07.24"]
[EventType "swiss"]
[EventRounds "9"]
[EventCountry "AUT"]
[SourceTitle "CBM 101 Extra"]
[Source "ChessBase"]
[SourceDate "2004.09.01"]
[SourceVersion "2"]
[SourceVersionDate "2004.09.01"]
[SourceQuality "1"]

1. e4 c5 2. Nf3 b6 3. Bc4 Bb7 4. c3 e6 5. Qe2 Nf6 6. e5 d5 7. Bb5+ Nfd7 8. d4
Nc6 9. O-O Be7 10. Bf4 a6 11. Ba4 b5 12. Bc2 cxd4 13. cxd4 Qb6 14. Be3 Nb4 15.
Bd1 a5 16. Nc3 Ba6 17. Re1 h6 18. h4 O-O-O 19. Qd2 Nc6 20. a4 b4 21. Nb5 Kb7
22. Be2 Na7 23. Nxa7 Kxa7 24. Rec1 Rc8 25. h5 Bxe2 1/2-1/2